| 000 | 00726cam a2200289 4500 | ||
|---|---|---|---|
| 008 | 090401t1998 xxu||||| |||| 00| 0 eng d | ||
| 020 | _a0406904324 | ||
| 035 | _a(Sirsi) u85580 | ||
| 041 | _aeng | ||
| 050 | _a340.0942 | ||
| 100 | _aCard, Richard | ||
| 245 | _aLaw for estate management students. | ||
| 250 | _a5th ed. | ||
| 260 |
_aLondon _bButterworths _c1998 |
||
| 300 | _alxvii,640p. ; 24cm. | ||
| 350 | _a24.95 | ||
| 520 | _aSuperseded by sixth edition (ISBN 0406963754). | ||
| 650 | _aESTATE MANAGEMENT | ||
| 650 | _aLAND LAW | ||
| 650 | _aLAW OF CONTRACT | ||
| 650 | _aLAW OF TORT | ||
| 690 | _aLAW | ||
| 700 | _aMurdoch, John | ||
| 700 | _aMurdoch, Sandi | ||
| 942 | _n0 | ||
| 948 | _c15/04/1998 | ||
| 999 |
_c97057 _d97057 |
||